[Event "Bogota Distrital-ch 78th"]
[Site "Bogota"]
[Date "2016.04.08"]
[Round "1"]
[White "Becerra, Juan David"]
[Black "Panesso, Lina Maria"]
[Result "1-0"]
[WhiteElo "2241"]
[BlackElo "1882"]
[PlyCount "53"]
[EventDate "2016.04.08"]
[EventType "swiss"]
[EventRounds "6"]
[EventCountry "COL"]
[SourceTitle "CBM 172 Extra"]
[Source "ChessBase"]
[SourceDate "2016.06.21"]
[SourceVersion "1"]
[SourceVersionDate "2016.06.21"]
[SourceQuality "1"]

1. e4 d5 2. exd5 Qxd5 3. Nc3 Qd6 4. Nf3 Nf6 5. d4 a6 6. g3 Bg4 7. h3 Bh5 8. g4 Bg6 9. Ne5 Nc6 10. Nxc6 Qxc6 11. d5 Qd6 12. Bg2 0-0-0 13. Qd4 c5 14. Qa4 Nd7 15. Be3 Nb6 16. Qb3 Kc7 17. a4 c4 18. Bxb6+ Qxb6 19. Qxc4+ Kb8 20. a5 Qd6 21. Qb3 Qe5+ 22. Kf1 Rd6 23. Ra4 Rd7 24. Rb4 e6 25. d6 Bxd6 26. Rxb7+ Kc8 27. Bc6 1-0

[Event "Pan American Amateur-ch"]
[Site "Curitiba"]
[Date "2015.12.20"]
[Round "9"]
[White "Almeida, Gianluca Jorio"]
[Black "Panesso, Lina Maria"]
[Result "1-0"]
[WhiteElo "1955"]
[BlackElo "1883"]
[PlyCount "61"]
[EventDate "2015.12.16"]
[EventType "swiss"]
[EventRounds "9"]
[EventCountry "BRA"]
[SourceTitle "CBM 170 Extra"]
[Source "ChessBase"]
[SourceDate "2016.02.25"]
[SourceVersion "1"]
[SourceVersionDate "2016.02.25"]
[SourceQuality "1"]

1. c4 e5 2. Nc3 Nf6 3. g3 d5 4. cxd5 Nxd5 5. Bg2 Nb6 6. Nf3 Nc6 7. 0-0 Be7 8. d3 0-0 9. a3 Be6 10. b4 Nd4 11. Bb2 Nxf3+ 12. Bxf3 Nd5 13. Nxd5 Bxd5 14. e4 Be6 15. Bxe5 Bf6 16. Bxf6 Qxf6 17. d4 Qg6 18. Bg2 Rfd8 19. d5 c6 20. Qb3 cxd5 21. exd5 Bf5 22. Rac1 Be4 23. Bxe4 Qxe4 24. Rfe1 Qf5 25. Rc7 Rd7 26. Re7 Rxe7 27. Rxe7 b6 28. Qe3 Kf8 29. d6 Qg6 30. d7 Qc6 31. Re8+ 1-0

[Event "Pan American Amateur-ch"]
[Site "San Andres Islas"]
[Date "2014.08.28"]
[Round "4"]
[White "Ardila Cordoba, Andres"]
[Black "Panesso, Lina Maria"]
[Result "0-1"]
[WhiteElo "1808"]
[BlackElo "1916"]
[PlyCount "94"]
[EventDate "2014.08.26"]
[EventType "swiss"]
[EventRounds "9"]
[EventCountry "COL"]
[SourceTitle "EXT 2016"]
[Source "ChessBase"]
[SourceDate "2015.10.08"]
[SourceVersion "1"]
[SourceVersionDate "2015.10.08"]
[SourceQuality "1"]

1. d4 d5 2. Nc3 Nf6 3. f3 c5 4. e3 cxd4 5. Qxd4 Nc6 6. Bb5 Bd7 7. Qd1 e6 8. a3 a6 9. Bd3 Bc5 10. Bd2 b5 11. b4 Bd6 12. Nge2 Qc7 13. f4 e5 14. fxe5 Bxe5 15. g3 Ne7 16. 0-0 0-0 17. Nd4 Bg4 18. Be2 Bh3 19. Qe1 Bxf1 20. Bxf1 Qb6 21. Nce2 Ne4 22. Rd1 Nxd2 23. Qxd2 Rac8 24. Nf3 Bf6 25. Ned4 Rc7 26. Bd3 Ng6 27. Kg2 Re8 28. h4 Ne5 29. Nxe5 Bxe5 30. h5 h6 31. Qf2 Qf6 32. Qd2 Qg5 33. Qf2 Bxd4 34. exd4 Qxh5 35. Rh1 Qg5 36. Rh4 Rc6 37. Qf3 Rf6 38. Qd1 Qe3 39. Qg1 Qxg1+ 40. Kxg1 Re1+ 41. Kg2 Ra1 42. Rh5 Rd6 43. Re5 Kf8 44. g4 Rxa3 45. g5 hxg5 46. Rxg5 Rxd3 47. cxd3 Rg6 0-1

[Event "Bogota Students-ch (Women) 22th"]
[Site "Bogota"]
[Date "2013.11.05"]
[Round "6"]
[White "Panesso, Lina Maria"]
[Black "Galvis Pedraza, Maryory"]
[Result "0-1"]
[WhiteElo "1916"]
[BlackElo "1760"]
[PlyCount "48"]
[EventDate "2013.11.03"]
[EventType "swiss"]
[EventRounds "6"]
[EventCountry "COL"]
[SourceTitle "EXT 2014"]
[Source "ChessBase"]
[SourceDate "2013.11.20"]
[SourceVersion "1"]
[SourceVersionDate "2013.11.20"]
[SourceQuality "1"]

1. e4 c5 2. Nf3 d6 3. d4 Nf6 4. Nc3 cxd4 5. Nxd4 a6 6. Bc4 e6 7. Bb3 Nbd7 8. Bg5 Nc5 9. f4 Qa5 10. Qd2 Be7 11. 0-0-0 Qc7 12. Bxf6 Bxf6 13. f5 Nxb3+ 14. axb3 0-0 15. g4 b5 16. Rhf1 b4 17. Nce2 Qa5 18. Kb1 exf5 19. exf5 Bb7 20. Nf3 Rac8 21. Ng3 Rc5 22. Nh5 Bxb2 23. Kxb2 Qa3+ 24. Kb1 Be4 0-1

[Event "Bucaramanga Santander op (Women)"]
[Site "Bucaramanga"]
[Date "2012.01.22"]
[Round "6"]
[White "Panesso, Lina Maria"]
[Black "Perez, Laura"]
[Result "0-1"]
[WhiteElo "1905"]
[BlackElo "1873"]
[PlyCount "39"]
[EventDate "2012.01.20"]
[EventType "swiss"]
[EventRounds "6"]
[EventCountry "COL"]
[SourceTitle "EXT 2013"]
[Source "ChessBase"]
[SourceDate "2012.11.22"]
[SourceVersion "1"]
[SourceVersionDate "2012.11.22"]
[SourceQuality "1"]

1. d4 d5 2. Nc3 Bf5 3. Bf4 e6 4. e3 c6 5. Bd3 Nf6 6. Nge2 Nbd7 7. Ng3 Bg6 8. h4 Be7 9. Bxg6 hxg6 10. e4 dxe4 11. Ngxe4 Nxe4 12. Nxe4 Nf6 13. Nxf6+ Bxf6 14. c3 Qd5 15. Qf3 Qxf3 16. gxf3 0-0-0 17. 0-0-0 Rd5 18. Rdg1 Rf5 19. Bg3 Rxf3 20. Kd1 0-1

[Event "Bogota Mayores Distrital op 04"]
[Site "Bogota"]
[Date "2011.04.17"]
[Round "7.15"]
[White "Santos Morales, Natalia Andrea"]
[Black "Panesso, Lina Maria"]
[Result "1-0"]
[WhiteElo "2021"]
[BlackElo "1908"]
[PlyCount "119"]
[EventDate "2011.04.14"]
[EventType "swiss"]
[EventRounds "7"]
[EventCountry "COL"]
[SourceTitle "EXT 2024"]
[Source "ChessBase"]
[SourceDate "2023.10.10"]
[SourceVersion "1"]
[SourceVersionDate "2023.10.10"]
[SourceQuality "1"]

1. e4 c5 2. Nf3 Nc6 3. d4 cxd4 4. Nxd4 e5 5. Nb5 a6 6. Nd6+ Bxd6 7. Qxd6 Qf6 8. Qd1 Qg6 9. Nc3 d5 10. Nxd5 Qxe4+ 11. Be3 Nd4 12. Nc7+ Ke7 13. Rc1 Bg4 14. Qd3 Qxd3 15. Bxd3 Rd8 16. f3 Bh5 17. Bd2 Kd6 18. Nxa6 bxa6 19. Bxa6 Ra8 20. Bb4+ Kc7 21. Bc4 Nf6 22. Kf2 Rhb8 23. c3 Nc6 24. Ba3 Rd8 25. Rcd1 Bg6 26. Bc5 e4 27. Be3 Kb7 28. Bf4 exf3 29. gxf3 Rxd1 30. Rxd1 Ra4 31. b4 Ra8 32. Bb3 Rd8 33. Rxd8 Nxd8 34. a4 Ne6 35. Be3 Nc7 36. c4 Bd3 37. b5 Nd7 38. c5 Nxb5 39. Bd5+ Kc8 40. axb5 Bxb5 41. Bxf7 Ne5 42. Be6+ Kb7 43. Bd5+ Bc6 44. Bxc6+ Kxc6 45. Bd4 Nd3+ 46. Ke3 Nxc5 47. Bxg7 Kd7 48. f4 Ke6 49. Bd4 Nd7 50. Ke4 Nf8 51. f5+ Kf7 52. Kf4 Nd7 53. Kg5 Kg8 54. Kh6 Nf8 55. Kg5 Kf7 56. Kf4 Nd7 57. Ke4 Nf8 58. Kd5 Nd7 59. h4 Nf8 60. Kd6 1-0

[Event "COL-ch U20 Girls"]
[Site "Bogota"]
[Date "2010.04.16"]
[Round "3"]
[White "Castrillon Gomez, Melissa"]
[Black "Panesso, Lina Maria"]
[Result "1/2-1/2"]
[WhiteElo "2045"]
[BlackElo "1897"]
[PlyCount "70"]
[EventDate "2010.04.15"]
[EventType "swiss"]
[EventRounds "7"]
[EventCountry "COL"]
[SourceTitle "CBM 135 Extra"]
[Source "ChessBase"]
[SourceDate "2010.05.04"]
[SourceVersion "1"]
[SourceVersionDate "2010.05.04"]
[SourceQuality "1"]

1. e4 c5 2. Nf3 Nc6 3. d4 cxd4 4. Nxd4 e5 5. Nb5 a6 6. Nd6+ Bxd6 7. Qxd6 Qf6 8. Qxf6 Nxf6 9. Nc3 Nb4 10. Bd3 Nxd3+ 11. cxd3 d6 12. Bg5 Be6 13. 0-0 Nd7 14. f4 f6 15. f5 Bf7 16. Be3 b5 17. Rfc1 Nc5 18. d4 Nd3 19. Rc2 Nb4 20. Rd2 Nc6 21. dxe5 Nxe5 22. b3 Rc8 23. Nd5 Bxd5 24. Rxd5 Ke7 25. a4 bxa4 26. Rxa4 Rc6 27. Rb4 Rhc8 28. Bf4 Ng4 29. Rb7+ Kf8 30. Rd1 Ne5 31. Bxe5 fxe5 32. Rd7 Rb8 33. R7xd6 Rxd6 34. Rxd6 Rxb3 35. Rxa6 Re3 1/2-1/2

[Event "COL-ch Amateur"]
[Site "Garzon"]
[Date "2009.11.16"]
[Round "7.11"]
[White "Panesso, Lina Maria"]
[Black "Castellanos, Alvaro"]
[Result "1-0"]
[WhiteElo "1936"]
[BlackElo "1658"]
[PlyCount "47"]
[EventDate "2009.11.14"]
[EventType "swiss"]
[EventRounds "7"]
[EventCountry "COL"]
[SourceTitle "EXT 2024"]
[Source "ChessBase"]
[SourceDate "2023.10.10"]
[SourceVersion "1"]
[SourceVersionDate "2023.10.10"]
[SourceQuality "1"]

1. e4 e5 2. Nf3 Nf6 3. Bc4 Nxe4 4. Nc3 Nf6 5. Nxe5 d5 6. Bb3 Be6 7. d4 Be7 8. 0-0 0-0 9. Nd3 b6 10. Nf4 Bf5 11. Nfxd5 Bd6 12. Bf4 c6 13. Nxf6+ Qxf6 14. Bxd6 Qxd6 15. Re1 Nd7 16. Ne4 Qg6 17. Ng3 Nf6 18. Nxf5 Qxf5 19. Qd2 Rfe8 20. Rxe8+ Rxe8 21. Re1 Qd7 22. Rxe8+ Qxe8 23. Kf1 Nd5 24. Qe2 1-0

[Event "COL-ch Amateur"]
[Site "Garzon"]
[Date "2009.11.14"]
[Round "1.8"]
[White "Trujillo Urriago, Karen Jo"]
[Black "Panesso, Lina Maria"]
[Result "0-1"]
[WhiteElo "1567"]
[BlackElo "1936"]
[PlyCount "72"]
[EventDate "2009.11.14"]
[EventType "swiss"]
[EventRounds "7"]
[EventCountry "COL"]
[SourceTitle "EXT 2024"]
[Source "ChessBase"]
[SourceDate "2023.10.10"]
[SourceVersion "1"]
[SourceVersionDate "2023.10.10"]
[SourceQuality "1"]

1. e4 e5 2. Nf3 Nc6 3. d4 exd4 4. Nxd4 Nf6 5. Nc3 Bb4 6. Nxc6 bxc6 7. Bd3 d5 8. exd5 cxd5 9. 0-0 0-0 10. a3 Bd6 11. Bg5 c6 12. Re1 Be6 13. h3 Rb8 14. b3 Bc5 15. Ne2 h6 16. Bf4 Bd6 17. Bxd6 Qxd6 18. Nd4 Rfe8 19. Nxe6 Rxe6 20. Rxe6 Qxe6 21. Qf3 Qe5 22. Rd1 Re8 23. g3 c5 24. c4 d4 25. b4 Rb8 26. Rb1 Re8 27. b5 Qe6 28. a4 Nd7 29. Qg2 Ne5 30. Bf1 d3 31. f4 Nxc4 32. Bxd3 Qe3+ 33. Kh1 Qxd3 34. Rc1 Re2 35. Qa8+ Kh7 36. Rg1 Qc2 0-1

[Event "COL-ch sf (Women)"]
[Site "Buga"]
[Date "2009.05.30"]
[Round "2.1"]
[White "Herrera, Milena"]
[Black "Panesso, Lina Maria"]
[Result "1-0"]
[WhiteElo "2108"]
[BlackElo "1989"]
[PlyCount "65"]
[EventDate "2009.05.30"]
[EventType "swiss"]
[EventRounds "7"]
[EventCountry "COL"]
[SourceTitle "EXT 2024"]
[Source "ChessBase"]
[SourceDate "2023.10.10"]
[SourceVersion "1"]
[SourceVersionDate "2023.10.10"]
[SourceQuality "1"]

1. e4 c5 2. Nf3 Nc6 3. d4 cxd4 4. Nxd4 g6 5. c4 Nf6 6. Nc3 d6 7. Be2 Nxd4 8. Qxd4 Bg7 9. 0-0 0-0 10. Qd3 Nd7 11. Be3 Ne5 12. Qd2 Be6 13. b3 Nc6 14. Rac1 Qa5 15. Bh6 Rfc8 16. Bxg7 Kxg7 17. Kh1 Qc5 18. Rcd1 Rd8 19. f4 Bd7 20. Nd5 a5 21. Qc3+ f6 22. e5 dxe5 23. Nc7 Nd4 24. fxe5 fxe5 25. Nxa8 Rxa8 26. Bf3 Rb8 27. Qe3 Qc7 28. Rxd4 exd4 29. Qxe7+ Kh6 30. Qh4+ Kg7 31. Qxd4+ Kh6 32. Qh4+ Kg7 33. Bd5 1-0

[Event "COL-ch U20 Girls"]
[Site "Bogota"]
[Date "2009.04.03"]
[Round "3.1"]
[White "Chirivi Castiblanco, Jenny Astrid"]
[Black "Panesso, Lina Maria"]
[Result "1-0"]
[WhiteElo "2167"]
[BlackElo "1989"]
[PlyCount "95"]
[EventDate "2009.04.03"]
[EventType "swiss"]
[EventRounds "7"]
[EventCountry "COL"]
[SourceTitle "EXT 2024"]
[Source "ChessBase"]
[SourceDate "2023.10.10"]
[SourceVersion "1"]
[SourceVersionDate "2023.10.10"]
[SourceQuality "1"]

1. d4 d5 2. c4 e6 3. Nf3 c6 4. Qc2 Nf6 5. g3 Nbd7 6. Bg2 Bd6 7. 0-0 0-0 8. b3 dxc4 9. Qxc4 e5 10. Bb2 Qe7 11. e3 exd4 12. Nxd4 Ne5 13. Qc2 Rd8 14. Nd2 Bb4 15. N2f3 Nxf3+ 16. Nxf3 Bg4 17. a3 Bd6 18. Nd4 Bc7 19. b4 Bb6 20. Rac1 Rd7 21. Qb3 Bxd4 22. Bxd4 Be6 23. Qb2 Ne8 24. h4 Bg4 25. Rc5 Qe6 26. Re5 Qh6 27. Rg5 Be6 28. Bf3 f6 29. Ra5 a6 30. Rc5 Nd6 31. Qc2 Qg6 32. e4 Qf7 33. Be2 Nb5 34. Bb2 Nd4 35. Bxd4 Rxd4 36. e5 Rad8 37. Qc1 fxe5 38. Rxe5 Qf6 39. Qe3 Bh3 40. Rc1 Bc8 41. Re8+ Kf7 42. Rxd8 Rxd8 43. Qb6 Rd2 44. Re1 Qd8 45. Bc4+ Kf6 46. Qe3 g6 47. Qg5+ Kg7 48. Re7+ 1-0

[Event "Bogota Mila Memorial op (Women)"]
[Site "Bogota"]
[Date "2009.04.??"]
[Round "5"]
[White "Panesso, Lina Maria"]
[Black "Echeverry, Maria Yesenia"]
[Result "1/2-1/2"]
[WhiteElo "1936"]
[BlackElo "1851"]
[PlyCount "43"]
[EventDate "2009.04.??"]
[EventType "swiss"]
[EventRounds "9"]
[EventCountry "COL"]
[SourceTitle "EXT 2014"]
[Source "ChessBase"]
[SourceDate "2013.11.20"]
[SourceVersion "1"]
[SourceVersionDate "2013.11.20"]
[SourceQuality "1"]

1. e4 c5 2. Nf3 Nc6 3. d4 cxd4 4. Nxd4 Nf6 5. Nc3 d6 6. Bc4 e6 7. Bb3 a6 8. 0-0 Qc7 9. Kh1 b5 10. a3 Be7 11. f4 Nxd4 12. Qxd4 Qc5 13. Be3 Qxd4 14. Bxd4 0-0 15. Rfe1 Bb7 16. Rad1 Rac8 17. f5 e5 18. Bg1 Nd7 19. Nd5 Bxd5 20. Rxd5 Nc5 21. Rd2 Nxb3 22. cxb3 1/2-1/2